000 00497nam a22001577a 4500
008 230515b |||||||| |||| 00| 0 eng d
040 _aNational Science Library
_cNational Science Library
080 _a551.4(045)
_bK9
245 _aWater earth and man:
_bA synthesis of hydrology geomorphology and socio economic geography
260 _aLondon:
_bMethuen & Co Ltd.,
_c1969
300 _a588p.
650 _aEarth
653 _aWater
700 _aChorley, Richard J (Ed.)
942 _2udc
_cBK
999 _c29922
_d29922